LEADER 01377nam a2200277 u 4500 001 000000120590 003 CaOOAMICUS 005 20220412170311.0 008 100305s1972 it af u000 u ita r 032 $aLibriCat 040 $aPUL$bita$dMCT 041 1 $aita$heng 130 0 $aHearth for all.$lItaliano.$0(OLS)http://pul/title/151639 245 13$aIl cuore che si dona a tutti :$bil Cuore Immacolato di Maria nelle apparizioni di Fatima /$c[a cura di Emilio Marini]. 260 $aWashington :$bAve Maria Institute ;$aFatima :$bCentro Internazionale Armata Azzurra,$cstampa 1972. 300 $a172 p., [4] p. di tav. :$bill. ;$c22 cm 600 04$aMaria Virgo,$cs.$xDevozione.$0(OLS)http://pul/subject/1542 600 04$aMaria Virgo,$cs.$xApparizioni$zFatima.$0(OLS)http://pul/subject/5495 700 1 $aMarini, Emilio.$0(OLS)http://pul/name/75426 850 $aPUL 852 $aPUL$W1$xDP1 Religione 1$y20$m579 F 35$j138218$qStampati$q $B137437$CPULBib$Z2$F137437 $H37564 $81 941 1 $a8 996 $6245$aIl cuore che si dona a tutti :$bil Cuore Immacolato di Maria nelle apparizioni di Fatima$9(OLS)http://pul/title/151638 996 $6260$aWashington :$bAve Maria Institute$9(OLS)http://pul/publisher/81209 996 $6260$aFatima :$bCentro Internazionale Armata Azzurra$9(OLS)http://pul/publisher/81210 LEADER 01353nam a2200325 u 4500 001 000000081273 003 CaOOAMICUS 005 20071210115718.0 008 050317s2004 it u000 u ita u 020 $a8842491810 035 $a11034984 040 $aPUL$bita 041 1 $aita$hfre 245 00$aVocabolario greco della filosofia /$ca cura di Ivan Gobry ; traduzione e cura dell'edizione italiana di Tiziana Villani. 246 33$aVocabulaire grec de la philosophie 260 $a[Milano] :$bB. Mondadori,$cc2004. 300 $ax, 243 p. ;$c17 cm 490 1 $aTesti e pretesti 500 $aInclude indice. 650 4$aFilosofia$xTerminologia.$0(OLS)http://pul/subject/28096 700 1 $aVillani, Tiziana.$0(OLS)http://pul/name/53061 700 1 $aGobry, Ivan.$0(OLS)http://pul/name/6752 830 0$aTesti e pretesti.$0(OLS)http://pul/title/40200 850 $aPUL 852 $aPUL$W1$xSL Filosofia 3$y81$m180. 3 GOBIV 1$j103709$nBK-PRI$qDDC 21$B103709$CPULBib$Z2$F103709 $HPUL97324 $82 941 1 $a9 996 $6020$a8842491810$9(OLS)http://pul/number/107638 996 $6245$aVocabolario greco della filosofia$9(OLS)http://pul/title/106311 996 $6246$aVocabulaire grec de la philosophie$9(OLS)http://pul/title/106312 996 $6260$a[Milano] :$bB. Mondadori$9(OLS)http://pul/publisher/75115